Une lettre suffit pour répondre juste #25 (attention 10 lettres tuent) - Statistiques

Statistiques générales
  • Ce quiz a été pris 91 fois
  • Le résultat moyen est 4 sur 6
Statistiques - réponses
Hint Réponse % Correct
Donne une des 5 lettres qui complète un slogan emblématique de la fierté marseillaise avec un mot typique du parler marseillais (commun d’origine provençale ou occitane selon les sources) : on craint _ _ _ _ _ DEGUN
100%
Donne une des 4 lettres du pays qui n'est pas en gris sur la carte ci-dessous
LAOS
71%
Donne une des 3 lettres du parti politique qui a eu Georges Marchais comme secrétaire général de 1972 à 1994
PCF
62%
Donne une des 2 lettres qui complète le nom de plume de cette romancière et scénariste britannique : ?. ?. Rowling
JK
59%
Donne la lettre qui complète le nom de scène de ce rappeur, chanteur, auteur-compositeur-interprète et acteur franco-guinéen : Black ?
M
55%
Donne la lettre qui est présente 7 fois de suite dans le titre du film en extrait (3 fois en majuscule 4 fois en minuscule suivi de 3 points d'exclamation)
R
48%
Aucun quiz correspondant
Distribution des résultats
% des personnes avec chaque résultat
Percentile par nombre de réponses
Votre historique - résultats
Vous n’avez pas pris ce quiz